Pharmacology for Nurses : (Record no. 10918)
[ view plain ]
| 000 -LEADER | |
|---|---|
| fixed length control field | 02354cam a22003734a 4500 |
| 001 - CONTROL NUMBER | |
| control field | 14923865 |
| 005 - DATE AND TIME OF LATEST TRANSACTION | |
| control field | 20070720121437.0 |
| 008 - FIXED-LENGTH DATA ELEMENTS--GENERAL INFORMATION | |
| fixed length control field | 070711s2008 njua |rb 001 0 eng |
| 010 ## - LIBRARY OF CONGRESS CONTROL NUMBER | |
| LC control number | 2007277701 |
| 020 ## - INTERNATIONAL STANDARD BOOK NUMBER | |
| International Standard Book Number | 9780135064801 |
| 020 ## - INTERNATIONAL STANDARD BOOK NUMBER | |
| International Standard Book Number | 0135064805 |
| 040 ## - CATALOGING SOURCE | |
| Original cataloging agency | DLC |
| Transcribing agency | DLC |
| Modifying agency | DLC |
| 050 00 - LIBRARY OF CONGRESS CALL NUMBER | |
| Classification number | RM301 |
| Item number | .A32 2008 |
| 082 00 - DEWEY DECIMAL CLASSIFICATION NUMBER | |
| Classification number | 615.1 |
| Edition number | 22 |
| Item number | ADA |
| 100 1# - MAIN ENTRY--PERSONAL NAME | |
| Personal name | Adams, Michael, |
| Dates associated with a name | 1951- |
| 9 (RLIN) | 12589 |
| 245 10 - TITLE STATEMENT | |
| Title | Pharmacology for Nurses : |
| Remainder of title | a pathophysiologic approach / |
| Statement of responsibility, etc | Michael Patrick Adams, Leland Norman Holland, Jr., Paula Manuel Bostwick. |
| 250 ## - EDITION STATEMENT | |
| Edition statement | 2nd ed. |
| 260 ## - PUBLICATION, DISTRIBUTION, ETC. (IMPRINT) | |
| Place of publication, distribution, etc | Upper Saddle River, N.J. : |
| Name of publisher, distributor, etc | Pearson/Prentice Hall, 2009 |
| Date of publication, distribution, etc | c2009 |
| 300 ## - PHYSICAL DESCRIPTION | |
| Extent | xxx, 910 p. : |
| Other physical details | col. ill. ; |
| Dimensions | 28 cm. + |
| Accompanying material | 1 CD-ROM (4 3/4 in.) |
| 504 ## - BIBLIOGRAPHY, ETC. NOTE | |
| Bibliography, etc | Includes bibliographical references (p. 803-817) and index. |
| 538 ## - SYSTEM DETAILS NOTE | |
| System details note | System requirements for accompanying disk: Windows 98 or newer and Macintosh 9.X and OSX. |
| 650 #0 - SUBJECT ADDED ENTRY--TOPICAL TERM | |
| Topical term or geographic name as entry element | Pharmacology. |
| 9 (RLIN) | 12590 |
| 650 #0 - SUBJECT ADDED ENTRY--TOPICAL TERM | |
| Topical term or geographic name as entry element | Nurses. |
| 9 (RLIN) | 12591 |
| 700 1# - ADDED ENTRY--PERSONAL NAME | |
| Personal name | Holland, Leland Norman, |
| Dates associated with a name | 1957- |
| 9 (RLIN) | 12592 |
| 700 1# - ADDED ENTRY--PERSONAL NAME | |
| Personal name | Bostwick, Paula Manuel. |
| 9 (RLIN) | 12593 |
| 942 ## - ADDED ENTRY ELEMENTS (KOHA) | |
| Source of classification or shelving scheme | Dewey Decimal Classification |
| Item type | Book - Borrowing |
| Withdrawn status | Item status | Source of classification or shelving scheme | Damaged status | Not for loan | Vendor | Home library | Current library | Shelving location | Date acquired | Source of acquisition | Cost, normal purchase price | Serial Enumeration / chronology | Total Checkouts | Total Renewals | Full call number | Barcode | Date last seen | Date last borrowed | Koha item type |
|---|---|---|---|---|---|---|---|---|---|---|---|---|---|---|---|---|---|---|---|
| Dewey Decimal Classification | Baccah | Central Library | Central Library | First floor | 22/02/2009 | 224.00 | 6996 | 23 | 98 | 615.1 ADA | 000014906 | 15/07/2025 | 24/11/2018 | Book - Borrowing | |||||
| Dewey Decimal Classification | Baccah | Central Library | Central Library | First floor | 22/02/2009 | 224.00 | 6996 | 18 | 615.1 ADA | 000014905 | 15/07/2025 | 02/05/2013 | NB - Book (Non borrowing) | ||||||
| Dewey Decimal Classification | Baccah | Central Library | Central Library | First floor | 12/07/2009 | 224.00 | 6996 | 3 | 615.1 ADA | 000017473 | 24/08/2022 | 03/11/2011 | CD | DVD - With book | ||||||
| Dewey Decimal Classification | Baccah | Central Library | Central Library | First floor | 12/07/2009 | 224.00 | 6996 | 4 | 615.1 ADA | 000017474 | 24/08/2022 | 03/04/2012 | CD | DVD - With book | ||||||
| Dewey Decimal Classification | Alahram | Central Library | Central Library | First floor | 14/03/2010 | 224.00 | 572 | 22 | 125 | 615.1 ADA | 000020184 | 15/07/2025 | 16/10/2016 | Book - Borrowing | |||||
| Dewey Decimal Classification | Alahram | Central Library | Central Library | First floor | 14/03/2010 | 224.00 | 2 | 615.1 ADA | 000020183 | 24/08/2022 | 13/10/2011 | CD | DVD - With book |